BIBLIOTHÈQUE DE LA MAISON DU MEXIQUE

Logo 1 Logo 2

La Soberana Convención Revolucionaria en Aguascalientes (notice nᵒ 3922)

détails MARC
000 -Sello discográfico
campo de control de longitud fija 00829nam a2200241 4500
005 - Identificación de versión
campo de control 20260213112951.0
035 ## - Otros números de control del sistema
Número de control del sistema 25714
099 ## - fechas locales
Tipo de ítem Koha LIBRO
100 ## - Datos de procesamiento general
Datos de procesamiento general 19990127d1990 m y1spay5003 ba
101 ## - Idioma del recurso
Idioma del texto, banda sonora, etc. Español; Castellano
105 ## - Campo de datos codificados: Material textual, monográfico
Datos codificados de monografía a 001zy
200 1# - Título y mención de responsabilidad
Título propio La Soberana Convención Revolucionaria en Aguascalientes
Designación general del material texto impreso
Otra información del título 1914-1989
Primer mención de responsabilidad Presentación Miguel Angel Barberena Vega
210 ## - Publicación, distribución, etc.
Lugar de publicación, distribución, etc. México
Nombre del editor, distribuidor, etc. Gobierno del Estado de Aguascalientes
-- Instituto Cultural de Aguascalientes
Fecha de publicación, distribución, etc. 1990
215 ## - Descripción física
Designación de material específico y extensión del ítem 205 p
Otras características físicas fot.
Dimensiones 31 cm
345 ## - Nota de información de adquisición
Fuente de adquisición/dirección de la suscripción [OBSOLETO] Donación
607 ## - Nombre geográfico utilizado como tema
Elemento de entrada Aguascalientes (México)
Subdivisión temática Historia
Subdivisión cronológica Revolución, 1910-
Número Koha 7744
660 ## - Código de área geográfica
Código MX
702 ## - Nombre personal - Responsabilidad secundaria
Elemento de entrada Barberena Vega
Parte del nombre distinta del elemento de entrada Miguel Angel
Número Koha 7745
801 #0 - Fuente de origen
País FR
Agencia cm
Reglas de catalogación (convenciones descriptivas) AFNOR
942 ## - ELEMENTOS DE ENTRADA SECUNDARIOS (KOHA)
Tipo de ítem Koha Livre
Exemplaires
Estatus retirado Estado de daño Estado de pérdida Fuente de la clasificación o esquema de estantería Fecha de adquisición Biblioteca de origen Biblioteca actual Código de barras Precio de reemplazo Signatura topográfica completa No para préstamo Tipo de ítem Koha Nota no pública
      Clasificación Decimal Dewey 13/02/2026 Casa México Paris Casa México Paris 008476 13/02/2026 F972.43 S677 No se presta a domicilio Livre 751145101